Normal view
MARC view
Entry Geographic Name
001 - CONTROL NUMBER
- control field: 11527
003 - CONTROL NUMBER IDENTIFIER
- control field: ARRUPE
005 - DATE AND TIME OF LATEST TRANSACTION
- control field: 20140924130950.0
008 - FIXED-LENGTH DATA ELEMENTS
- fixed length control field: 140924|| aca||aabn | a|a d
040 ## - CATALOGING SOURCE
- Original cataloging agency: ARRUPE
- Transcribing agency: ARRUPE
151 ## - HEADING--GEOGRAPHIC NAME
- Geographic name: Avila (Spain)
- Form subdivision: Biography.
670 ## - SOURCE DATA FOUND
- Source citation: Work cat.: (ARRUPE)0: Auclair, Marcelle, 1899-1983. 11524, Saint Teresa of Avila /, c1988.